[Event "POL-chT 2nd League"]
[Site "Jastrzebia Gora"]
[Date "2022.09.09"]
[Round "7.136"]
[White "Ociepka, Tomasz"]
[Black "Szybowicz, Piotr"]
[Result "1/2-1/2"]
[WhiteElo "1830"]
[BlackElo "1904"]
[PlyCount "64"]
[EventDate "2022.09.03"]
[EventType "team-swiss"]
[EventRounds "9"]
[EventCountry "POL"]
[SourceTitle "CBM 210 Extra"]
[Source "ChessBase"]
[SourceDate "2022.11.30"]
[SourceVersion "1"]
[SourceVersionDate "2022.11.30"]
[SourceQuality "1"]
[WhiteTeam "Zory Roszada"]
[BlackTeam "Bydgoszcz Chemik"]
[WhiteTeamCountry "POL"]
[BlackTeamCountry "POL"]

1. e4 e6 2. d4 d5 3. Nd2 b6 4. exd5 exd5 5. Ngf3 Nf6 6. Bd3 Bg4 7. Nf1 Bd6 8. Bg5 0-0 9. Ne3 Re8 10. 0-0 Be6 11. Ne5 c5 12. c3 Be7 13. Nf5 Bxf5 14. Bxf5 g6 15. Bd3 Ne4 16. Be3 f6 17. Ng4 Nc6 18. Bxe4 dxe4 19. Qb3+ Kh8 20. Nh6 Na5 21. Nf7+ Kg8 22. Qe6 Qc8 23. Nh6+ Kh8 24. Qxe4 Bf8 25. Qh4 Qe6 26. d5 Qxd5 27. Ng4 Qf7 28. Nxf6 Re6 29. Nd5 Rd6 30. Nf4 Nc4 31. Rad1 Nxb2 32. Rxd6 Bxd6 1/2-1/2

[Event "POL-chT3 Kujawsko Pomorskie 1617"]
[Site "Poland"]
[Date "2017.??.??"]
[Round "4.11"]
[White "Szybowicz, Piotr"]
[Black "Jaroch, Karol"]
[Result "0-1"]
[WhiteElo "1934"]
[BlackElo "2247"]
[PlyCount "112"]
[EventDate "2016.11.06"]
[EventType "team-tourn"]
[EventRounds "9"]
[EventCountry "POL"]
[SourceTitle "EXT 2018"]
[Source "ChessBase"]
[SourceDate "2017.10.13"]
[SourceVersion "1"]
[SourceVersionDate "2017.10.13"]
[SourceQuality "1"]

1. d4 e6 2. b3 Nf6 3. Bb2 b6 4. c4 Bb7 5. Nf3 Bb4+ 6. Nc3 Qe7 7. a3 Bxc3+ 8. Bxc3 d6 9. e3 Nbd7 10. Be2 g5 11. h3 0-0-0 12. Qc2 Ne4 13. Bb2 f5 14. Bd3 Rhf8 15. 0-0-0 Ndf6 16. Nh2 h5 17. f3 Ng3 18. Rhe1 Kb8 19. Nf1 Nxf1 20. Rxf1 h4 21. Kb1 Nh5 22. Ka2 Ng3 23. Rfe1 e5 24. dxe5 dxe5 25. e4 fxe4 26. Bxe4 Rxd1 27. Qxd1 Nxe4 28. fxe4 Rf4 29. Qd3 Qd6 30. Qc2 Qf6 31. Re2 g4 32. Bc1 Rf1 33. hxg4 Qe6 34. g5 Qg4 35. Kb2 Bc6 36. Qd3 Kb7 37. a4 a6 38. Qc2 Rg1 39. a5 bxa5 40. Kb1 Qxg5 41. Kb2 Qg4 42. Kb1 Qd7 43. Rd2 Qh7 44. Re2 Rxg2 45. Bb2 Rxe2 46. Qxe2 Qxe4+ 47. Qxe4 Bxe4+ 48. Kc1 h3 49. Bxe5 c5 50. Kd2 Kc6 51. Kc3 Kd7 52. Kb2 Ke6 53. Bc7 Kf5 54. Ka3 Bc6 55. Kb2 Ke4 56. Ka3 Kf3 0-1

[Event "POL-chT3 Kujawsko Pomorskie 1516"]
[Site "Poland"]
[Date "2015.11.22"]
[Round "2"]
[White "Gryniakow, Jaroslaw"]
[Black "Szybowicz, Piotr"]
[Result "1/2-1/2"]
[WhiteElo "2157"]
[BlackElo "1903"]
[PlyCount "60"]
[EventDate "2015.11.08"]
[EventType "team-tourn"]
[EventRounds "9"]
[EventCountry "POL"]
[SourceTitle "EXT 2019"]
[Source "ChessBase"]
[SourceDate "2018.10.10"]
[SourceVersion "1"]
[SourceVersionDate "2018.10.10"]
[SourceQuality "1"]

1. d4 Nf6 2. c4 e6 3. Nf3 c5 4. d5 exd5 5. cxd5 d6 6. Nc3 g6 7. e4 Bg7 8. Bd3 0-0 9. h3 a6 10. a4 Nbd7 11. 0-0 Nh5 12. g4 Nhf6 13. Bf4 Qc7 14. Re1 Re8 15. Bf1 b6 16. e5 dxe5 17. d6 Qd8 18. Nxe5 Nxe5 19. Rxe5 Bb7 20. Bg2 Bxg2 21. Kxg2 Ra7 22. Qf3 Rd7 23. Rd1 Rxe5 24. Bxe5 h6 25. Qc6 h5 26. Nd5 Nxd5 27. Qxd5 hxg4 28. Bxg7 gxh3+ 29. Kxh3 Kxg7 30. Kg2 Qf6 1/2-1/2

[Event "POL-chT3 Kujawsko Pomorskie 1213"]
[Site "Poland"]
[Date "2012.11.04"]
[Round "1.6"]
[White "Paprocki, Jaroslaw"]
[Black "Szybowicz, Piotr"]
[Result "1-0"]
[WhiteElo "2220"]
[BlackElo "1870"]
[PlyCount "75"]
[EventDate "2012.11.04"]
[EventType "team-tourn"]
[EventRounds "11"]
[EventCountry "POL"]
[SourceTitle "EXT 2015"]
[Source "ChessBase"]
[SourceDate "2014.11.20"]
[SourceVersion "1"]
[SourceVersionDate "2014.11.20"]
[SourceQuality "1"]
[WhiteTeam "Bydgoszcz Wiartrak"]
[BlackTeam "Szubin Szachowa Dwojka"]
[WhiteTeamCountry "POL"]
[BlackTeamCountry "POL"]

1. Nf3 Nf6 2. c4 e6 3. d4 b6 4. e3 Bb7 5. Bd3 d5 6. 0-0 Bd6 7. cxd5 exd5 8. Nc3 0-0 9. b3 Nbd7 10. Nb5 Be7 11. Bb2 a6 12. Nc3 Re8 13. Rc1 Bd6 14. Nh4 c5 15. Nf5 Bf8 16. dxc5 bxc5 17. Na4 Rc8 18. Qf3 g6 19. Qg3 Ne4 20. Bxe4 Rxe4 21. Nd6 Bxd6 22. Qxd6 Re6 23. Qf4 Re4 24. Qh6 Qf8 25. Qxf8+ Kxf8 26. Nxc5 Nxc5 27. Rxc5 Rxc5 28. Ba3 Ke8 29. Bxc5 Kd7 30. f3 Re8 31. h4 h5 32. Kf2 Kc6 33. Bd4 Kb5 34. Kg3 Kb4 35. Kf4 Ka3 36. Kg5 Kxa2 37. Ra1+ Kxb3 38. Rb1+ 1-0

[Event "Kujawsko Pomorskie-ch op-A 65th"]
[Site "Szubin"]
[Date "2012.08.15"]
[Round "3.8"]
[White "Mlodzinska, Irena"]
[Black "Szybowicz, Piotr"]
[Result "1/2-1/2"]
[WhiteElo "1916"]
[BlackElo "1925"]
[PlyCount "115"]
[EventDate "2012.08.09"]
[EventType "swiss"]
[EventRounds "9"]
[EventCountry "POL"]
[SourceTitle "EXT 2023"]
[Source "ChessBase"]
[SourceDate "2022.10.05"]
[SourceVersion "1"]
[SourceVersionDate "2022.10.05"]
[SourceQuality "1"]

1. e4 e6 2. d4 d5 3. Nd2 Nf6 4. e5 Nfd7 5. f4 b6 6. Ndf3 Ba6 7. Bxa6 Nxa6 8. Ne2 Be7 9. 0-0 g6 10. c3 c5 11. Kh1 Qc7 12. Be3 Nab8 13. Qe1 Nc6 14. h3 Qb7 15. Qd2 c4 16. Qd1 b5 17. Bf2 a5 18. Bh4 b4 19. Ng3 a4 20. Bxe7 Nxe7 21. a3 bxc3 22. bxc3 0-0 23. Rb1 Qa6 24. Qd2 Rfb8 25. f5 exf5 26. Rxb8+ Rxb8 27. Qh6 Nf8 28. Qg5 Rb7 29. Nh4 Ne6 30. Qf6 Qb6 31. Rf3 Ng7 32. Qg5 Kh8 33. Nf1 Qe6 34. Nd2 Ng8 35. Rf1 Rb2 36. Nhf3 Qe7 37. Qf4 Nh5 38. Qh2 f4 39. Rd1 Ng3+ 40. Kg1 Qxa3 41. Nf1 Ne2+ 42. Kh1 Qxc3 43. h4 Qb3 44. Re1 a3 45. h5 Ng3+ 46. Nxg3 fxg3 47. Qxg3 Rb1 48. e6 f6 49. hxg6 Rxe1+ 50. Qxe1 Ne7 51. Qh4 Qb1+ 52. Kh2 Qxg6 53. Ne5 fxe5 54. Qxe7 Qh5+ 55. Kg1 Qd1+ 56. Kh2 Qh5+ 57. Kg1 Qd1+ 58. Kh2 1/2-1/2

[Event "Kujawsko Pomorskie-ch"]
[Site "Znin"]
[Date "2008.06.24"]
[Round "5"]
[White "Szybowicz, Piotr"]
[Black "Zolnierowicz, Krzysztof"]
[Result "0-1"]
[WhiteElo "2007"]
[BlackElo "2261"]
[PlyCount "104"]
[EventDate "2008.06.21"]
[EventType "swiss"]
[EventRounds "9"]
[EventCountry "POL"]
[SourceTitle "EXT 2018"]
[Source "ChessBase"]
[SourceDate "2017.10.13"]
[SourceVersion "1"]
[SourceVersionDate "2017.10.13"]
[SourceQuality "1"]

1. e4 e5 2. Nf3 Nc6 3. Bc4 Bc5 4. c3 Nf6 5. d4 exd4 6. cxd4 Bb4+ 7. Nc3 d5 8. exd5 Nxd5 9. 0-0 Bxc3 10. bxc3 0-0 11. Re1 Bg4 12. Ba3 Nxc3 13. Qb3 Bxf3 14. Qxc3 Qxd4 15. Qxd4 Nxd4 16. Bxf8 Kxf8 17. Re3 Bc6 18. Rd1 Nf5 19. Re5 Nd6 20. Bd5 Bxd5 21. Rexd5 Re8 22. Kf1 Re6 23. Rc1 c6 24. Rd3 Ke7 25. Rcd1 c5 26. f4 c4 27. Rd5 Kd7 28. Kf2 Kc6 29. Kf3 b5 30. g4 Nb7 31. Rd7 Rf6 32. Re7 a5 33. Rdd7 Nc5 34. Rc7+ Kb6 35. Rxf7 b4 36. Rxf6+ gxf6 37. Re7 b3 38. axb3 cxb3 39. Re1 a4 40. Ke3 Kb5 41. Kd2 Kb4 42. Re8 a3 43. Rb8+ Kc4 44. Kc1 Kc3 45. Kb1 a2+ 46. Ka1 Nd3 47. Rc8+ Kd4 48. g5 fxg5 49. fxg5 Nb4 50. Ra8 Kc3 51. Rc8+ Kd2 52. Rd8+ Kc1 0-1

[Event "POL-chT3 Kujawsko Pomorskie 0708"]
[Site "Poland"]
[Date "2008.02.10"]
[Round "7.26"]
[White "Szybowicz, Piotr"]
[Black "Jaroch, Karol"]
[Result "1/2-1/2"]
[WhiteElo "2016"]
[BlackElo "2123"]
[PlyCount "51"]
[EventDate "2007.11.04"]
[EventType "team-tourn"]
[EventRounds "11"]
[EventCountry "POL"]
[SourceTitle "EXT 2019"]
[Source "ChessBase"]
[SourceDate "2018.10.10"]
[SourceVersion "1"]
[SourceVersionDate "2018.10.10"]
[SourceQuality "1"]

1. e4 d5 2. exd5 Qxd5 3. Nc3 Qd6 4. d4 a6 5. Nf3 Nf6 6. Bd3 Nc6 7. Ne4 Nxe4 8. Bxe4 Bg4 9. Be3 f5 10. Bxc6+ Qxc6 11. d5 Qb5 12. a4 Qc4 13. Qd4 Qxc2 14. Rc1 Qe4 15. Qxe4 fxe4 16. Ne5 Bc8 17. Rxc7 e6 18. Nf7 Bb4+ 19. Bd2 Rf8 20. Bxb4 Rxf7 21. d6 Bd7 22. Rxb7 Bxa4 23. Rxf7 Kxf7 24. Kd2 Rc8 25. Rc1 Rxc1 26. Kxc1 1/2-1/2

[Event "POL-chT3 Kujawsko Pomorskie 0708"]
[Site "Poland"]
[Date "2008.01.27"]
[Round "6.15"]
[White "Szybowicz, Piotr"]
[Black "Kotula, Konrad"]
[Result "1-0"]
[WhiteElo "2016"]
[BlackElo "1747"]
[PlyCount "103"]
[EventDate "2007.11.04"]
[EventType "team-tourn"]
[EventRounds "11"]
[EventCountry "POL"]
[SourceTitle "EXT 2019"]
[Source "ChessBase"]
[SourceDate "2018.10.10"]
[SourceVersion "1"]
[SourceVersionDate "2018.10.10"]
[SourceQuality "1"]

1. d4 Nf6 2. Nf3 g6 3. Nc3 Bg7 4. e4 d6 5. Bg5 0-0 6. Bc4 Nc6 7. Qd2 Bg4 8. d5 Na5 9. Bd3 c5 10. h3 Bd7 11. h4 Bg4 12. Nh2 c4 13. Bxf6 exf6 14. Nxg4 cxd3 15. Qxd3 Qb6 16. Qb5 f5 17. Qxb6 axb6 18. exf5 gxf5 19. Ne3 f4 20. Ned1 Rfe8+ 21. Kd2 Nc4+ 22. Kd3 Ne5+ 23. Ke4 Nc4+ 24. Kxf4 Nxb2 25. Rb1 Nxd1 26. Nxd1 Rxa2 27. Ne3 Bh6+ 28. Kf3 Bxe3 29. fxe3 Rxc2 30. Rxb6 Rc3 31. Re1 Re5 32. Rxd6 Rd3 33. Rd7 b5 34. d6 b4 35. Kf4 Red5 36. Rb1 Rxd6 37. Rxd6 Rxd6 38. Rxb4 Kg7 39. e4 Rf6+ 40. Kg4 Rg6+ 41. Kf3 Rf6+ 42. Kg4 Rg6+ 43. Kh3 Re6 44. h5 Kf6 45. g4 Ke5 46. Kh4 Kf4 47. Rb7 Kxe4 48. Rxf7 h6 49. g5 Ke5 50. g6 Re8 51. Rh7 Kf6 52. Rxh6 1-0

[Event "POL-chT3 Kujawsko Pomorskie 0708"]
[Site "Poland"]
[Date "2008.01.13"]
[Round "5.21"]
[White "Rak, Tomasz"]
[Black "Szybowicz, Piotr"]
[Result "1/2-1/2"]
[WhiteElo "2080"]
[BlackElo "2016"]
[PlyCount "116"]
[EventDate "2007.11.04"]
[EventType "team-tourn"]
[EventRounds "11"]
[EventCountry "POL"]
[SourceTitle "EXT 2019"]
[Source "ChessBase"]
[SourceDate "2018.10.10"]
[SourceVersion "1"]
[SourceVersionDate "2018.10.10"]
[SourceQuality "1"]

1. Nf3 e6 2. d4 f5 3. g4 d5 4. c4 Nf6 5. gxf5 exf5 6. cxd5 Qxd5 7. Nc3 Bb4 8. Bd2 Bxc3 9. Bxc3 Nc6 10. Bg2 Be6 11. Rg1 0-0-0 12. Ng5 Ne4 13. Nxe6 Qxe6 14. Qa4 Rhe8 15. 0-0-0 g6 16. Be1 Qd6 17. d5 Qc5+ 18. Kb1 Rxd5 19. Rc1 Qd4 20. Qa3 Rd6 21. Ka1 Re5 22. e3 Qd3 23. Qa4 Rc5 24. Bb4 Nxb4 25. Qxb4 Rxc1+ 26. Rxc1 Qd2 27. Qc4 Rc6 28. Qg8+ Qd8 29. Qxd8+ Kxd8 30. Rxc6 bxc6 31. f3 Nd6 32. Kb1 Nc4 33. e4 fxe4 34. fxe4 Ke7 35. b3 Ne3 36. Bh1 Ke6 37. Kb2 Ke5 38. Ka3 Nf1 39. h3 Ng3 40. Bg2 Nxe4 41. Kb4 Kd4 42. Ka5 Nc3 43. a4 Nd5 44. Ka6 Kc3 45. Kxa7 Kxb3 46. a5 Nb4 47. a6 c5 48. Kb7 Nxa6 49. Kxa6 c4 50. Bd5 Kb4 51. Kb7 c3 52. Be4 c5 53. Kc6 c4 54. Kd5 Kb3 55. h4 c2 56. Bxc2+ Kxc2 57. Kxc4 h6 58. Kd4 Kd2 1/2-1/2

[Event "Bydgoszcz Fordonski op 3rd"]
[Site "Bydgoszcz"]
[Date "2007.12.29"]
[Round "2.12"]
[White "Szybowicz, Piotr"]
[Black "Wisniewski, Przemyslaw"]
[Result "1/2-1/2"]
[WhiteElo "2016"]
[BlackElo "2049"]
[PlyCount "34"]
[EventDate "2007.12.28"]
[EventType "swiss"]
[EventRounds "5"]
[EventCountry "POL"]
[SourceTitle "EXT 2023"]
[Source "ChessBase"]
[SourceDate "2022.10.05"]
[SourceVersion "1"]
[SourceVersionDate "2022.10.05"]
[SourceQuality "1"]

1. e4 c5 2. Nf3 Nc6 3. d4 cxd4 4. Nxd4 g6 5. Nc3 Bg7 6. Be3 Nf6 7. Be2 0-0 8. 0-0 d5 9. exd5 Nb4 10. Qd2 Nbxd5 11. Nxd5 Nxd5 12. Bh6 Bxh6 13. Qxh6 Qb6 14. Nb3 Bd7 15. Rad1 Nf6 16. Bf3 Bc6 17. Bxc6 Qxc6 1/2-1/2

[Event "Bydgoszcz Fordonski op 3rd"]
[Site "Bydgoszcz"]
[Date "2007.12.28"]
[Round "1.14"]
[White "Brzezinski, Mateusz"]
[Black "Szybowicz, Piotr"]
[Result "1/2-1/2"]
[WhiteElo "1751"]
[BlackElo "2016"]
[PlyCount "73"]
[EventDate "2007.12.28"]
[EventType "swiss"]
[EventRounds "5"]
[EventCountry "POL"]
[SourceTitle "EXT 2023"]
[Source "ChessBase"]
[SourceDate "2022.10.05"]
[SourceVersion "1"]
[SourceVersionDate "2022.10.05"]
[SourceQuality "1"]

1. c4 f5 2. Nc3 Nf6 3. g3 d5 4. cxd5 Nxd5 5. Bg2 e6 6. d3 Be7 7. Nxd5 exd5 8. Nf3 0-0 9. 0-0 Nc6 10. d4 Be6 11. Bf4 Bd6 12. Ng5 Qd7 13. Nxe6 Qxe6 14. Qb3 Ne7 15. Bxd6 Qxd6 16. Rac1 c6 17. Qxb7 Rfb8 18. Qa6 Rxb2 19. Rc5 Rd2 20. e3 Rb8 21. Qxa7 Rbb2 22. Qa8+ Kf7 23. Qh8 Qh6 24. Rc3 Ng8 25. Rb3 Rxb3 26. axb3 Ra2 27. Rc1 Ra8 28. Bxd5+ cxd5 29. Rc7+ Kf8 30. b4 Qg6 31. b5 f4 32. exf4 Qb1+ 33. Kg2 Qe4+ 34. Kh3 Qe6+ 35. Kg2 Qe4+ 36. Kh3 Qe6+ 37. Kg2 1/2-1/2